000 00600cab a2200229 4500
001 WB2722-27
008 090401t1991 xxu||||| |||| 00| 0 eng d
035 _a(Sirsi) u1919
041 _aeng
245 _aHouse sales?
260 _c1991
350 _a0
490 _aEvening Standard
_v31/5/91 p5
490 _aTimes
_v1/6/91 p4
490 _aIndependent
_v1/6/91 p41(3)
520 _aReviews alternative methods of buying and selling houses including house swaps and raffles
650 _aCOMPETITIONS
650 _aHOUSE SALES
690 _aHOUSING
942 _n0
948 _c04/03/1997
999 _c1125
_d1125